Tecnología industrial / (Record no. 143369)

MARC details
000 -LEADER
campo de control de longitud fija 00678nam a2200181 i 4500
001 - NÚMERO DE CONTROL
campo de control 143369
003 - IDENTIFICADOR DE NÚMERO DE CONTROL
campo de control ES-MaACL
005 - FECHA Y HORA DE LA ÚLTIMA TRANSACCIÓN
campo de control 20230906200807.0
007 - CAMPO FIJO DE DESCRIPCIÓN FÍSICA--INFORMACIÓN GENERAL
campo de control de longitud fija t|
008 - DATOS DE LONGITUD FIJA--INFORMACIÓN GENERAL
campo de control de longitud fija 070214s1921 sp r ||||1| spa d
100 1# - ENTRADA PRINCIPAL--NOMBRE DE PERSONA
Nombre de persona Serrano Jiménez, César.
9 (RLIN) 105766
245 10 - MENCIÓN DEL TÍTULO
Título Tecnología industrial /
Mención de responsabilidad, etc. César Serrano Jiménez.
250 ## - MENCION DE EDICION
Mención de edición 2ª ed.
260 ## - PUBLICACIÓN, DISTRIBUCIÓN, ETC.
Lugar de publicación, distribución, etc. Zaragoza :
Nombre del editor, distribuidor, etc. [s. n.],
Fecha de publicación, distribución, etc. 1921 (
Fabricante Tip. Hospicio Provincial)
300 ## - DESCRIPCIÓN FÍSICA
Extensión 2 v. ;
Dimensiones 28 cm.
500 ## - NOTA GENERAL
Nota general Contiene: II . Trabajo manual y mecánico de talleres y maderas -- III . Organización de talleres y contabilidad industrial y obrera : datos prácticos de taller -- [Falta el tomo I]
852 ## - LOCALIZACIÓN
Ubicación ES-MaACL
Número de control de estantería A-1166-67
Holdings
Estatus retirado Estado de pérdida Estado de daño No para préstamo Biblioteca de origen Biblioteca actual Ubicación en estantería Fecha de adquisición Fuente de adquisición Total de préstamos Signatura topográfica completa Código de barras Visto por última vez Precio de reemplazo Tipo de ítem Koha
        Biblioteca del Ateneo de Madrid Biblioteca del Ateneo de Madrid Sala Pecera Planta 1 17/01/2008     A-1166-67 1149164 23/02/2023 23/02/2023 Libro impreso